000 00491nam a2200169Ia 4500
005 20250508151925.0
008 008 250505s9999 xx 000 0 eng d
037 _aTextual
040 _aFEDL
_beng
_cFEDL
041 _aeng
_2eng
084 _a531.2, LON
_qFEDL
100 _aLoney S L
_9154183
245 0 _aElements of statics and dynamics. Part 1,2
260 _aNew York, USA
_b The Cambridge University Press
942 _cTEXL
_h531.2, LON
999 _c1332993
_d1332993